| 000 | 00820nam a22002057a 4500 | ||
|---|---|---|---|
| 999 |
_c58193 _d58193 |
||
| 003 | Ge_BSU | ||
| 005 | 20210909135227.0 | ||
| 008 | 210909s2020 ge ||||| |||| 00| 0 geo d | ||
| 020 | _a9789941488283 | ||
| 041 | _ageo | ||
| 080 | _a512(076.1) დ-43 | ||
| 100 |
_aდიასამიძე, იაშა _94093 |
||
| 245 |
_aალგებრის ამოცანათა კრებული / _cიაშა დიასამიძე; რედ. მიხეილ ამაღლობელი. |
||
| 264 |
_aბათუმი : _bბსუ, _c2020. |
||
| 300 |
_a311 გვ. _b20 სმ. |
||
| 504 | _aბიბლიოგრ. გვ.306-307 | ||
| 653 | _aალგებრა | ||
| 700 |
_aამაღლობელი, მიხეილ _eრედაქტორი _912410 |
||
| 942 |
_2udc _cBK |
||